[Event "CZE-chT2C 1213"]
[Site "Czech Republic"]
[Date "2013.03.24"]
[Round "11.5"]
[White "Ambroz, Antonin"]
[Black "Pekarkova, Eva"]
[Result "1-0"]
[WhiteElo "2050"]
[BlackElo "1954"]
[PlyCount "79"]
[EventDate "2012.10.14"]
[EventType "team-tourn"]
[EventRounds "11"]
[EventCountry "CZE"]
[SourceTitle "EXT 2015"]
[Source "ChessBase"]
[SourceDate "2014.11.20"]
[SourceVersion "1"]
[SourceVersionDate "2014.11.20"]
[SourceQuality "1"]
[WhiteTeam "Praha Bohemians II"]
[BlackTeam "Tabor II"]
[WhiteTeamCountry "CZE"]
[BlackTeamCountry "CZE"]

1. d4 d5 2. Nf3 Nf6 3. g3 Bf5 4. Bg2 c6 5. 0-0 e6 6. c4 dxc4 7. Nbd2 Nbd7 8. Nxc4 Nb6 9. Nfe5 Nxc4 10. Nxc4 Be4 11. f3 Bd5 12. Ne5 c5 13. e4 Bc6 14. Nxc6 bxc6 15. Be3 cxd4 16. Qxd4 Qxd4 17. Bxd4 c5 18. Bc3 Rd8 19. Rfd1 Be7 20. Rxd8+ Bxd8 21. Rd1 0-0 22. Bf1 Be7 23. Kf2 Rd8 24. Rxd8+ Bxd8 25. Bb5 Kf8 26. Ke2 Ng8 27. Kd3 Ne7 28. Kc4 Bb6 29. Be5 f6 30. Bd6 Kf7 31. Bxc5 Ng6 32. f4 e5 33. f5 Ne7 34. Bd7 Bxc5 35. Kxc5 g6 36. g4 gxf5 37. gxf5 Kg7 38. Be6 a5 39. Kd6 Kf8 40. b3 1-0

[Event "Tabor op"]
[Site "Tabor"]
[Date "2012.08.02"]
[Round "6"]
[White "Pekarkova, Eva"]
[Black "Paulik, Vaclav"]
[Result "1/2-1/2"]
[WhiteElo "2013"]
[BlackElo "1878"]
[PlyCount "28"]
[EventDate "2012.07.29"]
[EventType "swiss"]
[EventRounds "9"]
[EventCountry "CZE"]
[SourceTitle "EXT 2013"]
[Source "ChessBase"]
[SourceDate "2012.11.22"]
[SourceVersion "1"]
[SourceVersionDate "2012.11.22"]
[SourceQuality "1"]

1. e4 c5 2. Nf3 Nc6 3. d4 cxd4 4. Nxd4 e5 5. Nb5 a6 6. Nd6+ Bxd6 7. Qxd6 Qf6 8. Qd1 Qg6 9. Nc3 Nge7 10. g3 d5 11. Bg2 d4 12. Na4 Qd6 13. 0-0 Nd8 14. b3 b5 1/2-1/2

[Event "Tabor op"]
[Site "Tabor"]
[Date "2012.07.31"]
[Round "4"]
[White "Pekarkova, Eva"]
[Black "Barrish, Daniel"]
[Result "1/2-1/2"]
[WhiteElo "2013"]
[BlackElo "1766"]
[PlyCount "26"]
[EventDate "2012.07.29"]
[EventType "swiss"]
[EventRounds "9"]
[EventCountry "CZE"]
[SourceTitle "EXT 2013"]
[Source "ChessBase"]
[SourceDate "2012.11.22"]
[SourceVersion "1"]
[SourceVersionDate "2012.11.22"]
[SourceQuality "1"]

1. e4 c5 2. Nf3 d6 3. d4 cxd4 4. Nxd4 Nf6 5. Nc3 g6 6. Be3 Bg7 7. Be2 a6 8. 0-0 0-0 9. f4 Nc6 10. Kh1 Qc7 11. Bf3 Na5 12. Rb1 Nc4 13. Bc1 Bd7 1/2-1/2

[Event "Tabor op"]
[Site "Tabor"]
[Date "2011.08.02"]
[Round "4"]
[White "Pekarkova, Eva"]
[Black "Simecek, Bohumil"]
[Result "1/2-1/2"]
[WhiteElo "1980"]
[BlackElo "2125"]
[PlyCount "22"]
[EventDate "2011.07.31"]
[EventType "swiss"]
[EventRounds "9"]
[EventCountry "CZE"]
[SourceTitle "CBM 143 Extra"]
[Source "ChessBase"]
[SourceDate "2011.08.29"]
[SourceVersion "1"]
[SourceVersionDate "2011.08.29"]
[SourceQuality "1"]

1. e4 d5 2. exd5 Nf6 3. c4 e6 4. dxe6 Bxe6 5. d4 Bb4+ 6. Bd2 Qe7 7. Bxb4 Qxb4+ 8. Qd2 Na6 9. Nc3 Bxc4 10. Bxc4 Qxc4 11. Qe3+ Kf8 1/2-1/2

[Event "CZE-chT2A 1011"]
[Site "Czech Republic"]
[Date "2011.04.10"]
[Round "11"]
[White "Klecker, Tadeas"]
[Black "Pekarkova, Eva"]
[Result "1/2-1/2"]
[WhiteElo "2221"]
[BlackElo "1953"]
[PlyCount "67"]
[EventDate "2010.10.17"]
[EventType "team-tourn"]
[EventRounds "11"]
[EventCountry "CZE"]
[SourceTitle "EXT 2012"]
[Source "ChessBase"]
[SourceDate "2011.11.24"]
[SourceVersion "1"]
[SourceVersionDate "2011.11.24"]
[SourceQuality "1"]
[WhiteTeam "Praha Oaza"]
[BlackTeam "Tabor II"]
[WhiteTeamCountry "CZE"]
[BlackTeamCountry "CZE"]

1. d4 Nf6 2. c4 g6 3. Nf3 Bg7 4. g3 0-0 5. Bg2 c5 6. 0-0 cxd4 7. Nxd4 Nc6 8. Nc2 d6 9. Nc3 Be6 10. b3 Qd7 11. Re1 Bh3 12. Bh1 Ng4 13. Bb2 Qf5 14. f3 Qxc2 15. Qxc2 Bd4+ 16. e3 Nxe3 17. Qd3 Nc2+ 18. Qxd4 N6xd4 19. Rxe7 Nxa1 20. Bxa1 Nc2 21. Bb2 Rfe8 22. Rxe8+ Rxe8 23. Ne4 Kf8 24. Kf2 f5 25. Nxd6 Re1 26. Bg2 Bxg2 27. Kxg2 Re2+ 28. Kf1 Rxh2 29. Be5 Ne3+ 30. Kg1 Rg2+ 31. Kh1 Rxa2 32. Nxb7 Rd2 33. Bb8 Rb2 34. Na5 1/2-1/2

[Event "CZE-chT2A 1011"]
[Site "Czech Republic"]
[Date "2011.01.23"]
[Round "6"]
[White "Pekarkova, Eva"]
[Black "Rut, Vojtech"]
[Result "1/2-1/2"]
[WhiteElo "1953"]
[BlackElo "1931"]
[PlyCount "90"]
[EventDate "2010.10.17"]
[EventType "team-tourn"]
[EventRounds "11"]
[EventCountry "CZE"]
[SourceTitle "EXT 2012"]
[Source "ChessBase"]
[SourceDate "2011.11.24"]
[SourceVersion "1"]
[SourceVersionDate "2011.11.24"]
[SourceQuality "1"]
[WhiteTeam "Tabor II"]
[BlackTeam "Vysehrad II"]
[WhiteTeamCountry "CZE"]
[BlackTeamCountry "CZE"]

1. e4 c5 2. Nf3 e6 3. d4 cxd4 4. Nxd4 a6 5. a4 b6 6. Be2 Bb7 7. Bf3 Qc7 8. 0-0 d6 9. Re1 Nd7 10. g3 Rc8 11. Nc3 Ngf6 12. Bg2 Be7 13. f4 h5 14. f5 e5 15. Nf3 Ng4 16. Be3 Ndf6 17. Bf2 Nxf2 18. Kxf2 Qc5+ 19. Kf1 Qb4 20. Rb1 Nxe4 21. Nxe5 Nxc3 22. bxc3 Bxg2+ 23. Kxg2 Qxc3 24. Nf3 Qxc2+ 25. Qxc2 Rxc2+ 26. Kg1 Kd7 27. Rxb6 Rhc8 28. Rxa6 Bf6 29. Rd1 R2c6 30. Ra7+ R8c7 31. Rxc7+ Rxc7 32. Nd4 Rc4 33. Nb3 h4 34. Kg2 hxg3 35. hxg3 Rc3 36. Nd4 Be5 37. Nf3 Bf6 38. Rb1 Kc7 39. Rb4 Ra3 40. Nd4 Ra2+ 41. Kf3 Be5 42. g4 d5 43. g5 Ra3+ 44. Kg4 Ra1 45. g6 Rg1+ 1/2-1/2

[Event "Brno Trade op"]
[Site "Brno"]
[Date "2010.08.25"]
[Round "5"]
[White "Pekarkova, Eva"]
[Black "Zikan, Karel"]
[Result "1-0"]
[WhiteElo "1967"]
[BlackElo "1798"]
[PlyCount "68"]
[EventDate "2010.08.22"]
[EventType "swiss"]
[EventRounds "9"]
[EventCountry "CZE"]
[SourceTitle "CBM 138 Extra"]
[Source "ChessBase"]
[SourceDate "2010.10.29"]
[SourceVersion "1"]
[SourceVersionDate "2010.10.29"]
[SourceQuality "1"]

1. e4 c6 2. d4 d5 3. e5 Bf5 4. Nf3 e6 5. Be2 c5 6. c3 Nc6 7. 0-0 Bg4 8. Nbd2 cxd4 9. cxd4 Nge7 10. Nb3 Nf5 11. h3 Bxf3 12. Bxf3 Be7 13. g4 Nh4 14. Be2 Rc8 15. Be3 0-0 16. Rc1 Qb6 17. Bd3 Rc7 18. Bb1 Rfc8 19. Kh1 Na5 20. Nxa5 Qxa5 21. Rxc7 Qxc7 22. Qd3 Ng6 23. f4 f6 24. f5 Nf8 25. fxe6 Ng6 26. exf6 Bxf6 27. Bd2 Re8 28. g5 Be7 29. Rf7 Qd6 30. Qf5 b6 31. Bf4 Qb4 32. Rxg7+ Kxg7 33. Qf7+ Kh8 34. Be5+ Nxe5 1-0

[Event "Brno Trade op"]
[Site "Brno"]
[Date "2010.08.22"]
[Round "2"]
[White "Skorepa, Jakub"]
[Black "Pekarkova, Eva"]
[Result "1/2-1/2"]
[WhiteElo "1563"]
[BlackElo "1967"]
[PlyCount "33"]
[EventDate "2010.08.22"]
[EventType "swiss"]
[EventRounds "9"]
[EventCountry "CZE"]
[SourceTitle "CBM 138 Extra"]
[Source "ChessBase"]
[SourceDate "2010.10.29"]
[SourceVersion "1"]
[SourceVersionDate "2010.10.29"]
[SourceQuality "1"]

1. e4 c5 2. Nf3 Nc6 3. d4 cxd4 4. Nxd4 g6 5. Nc3 Bg7 6. Be3 Nf6 7. Be2 0-0 8. Qd2 d5 9. exd5 Nxd5 10. Nxd5 Qxd5 11. Bf3 Qe5 12. Bxc6 bxc6 13. Nxc6 Qxb2 14. Nxe7+ Kh8 15. 0-0 Be6 16. Nc6 Bxa2 17. Bd4 1/2-1/2

[Event "Tabor op"]
[Site "Tabor"]
[Date "2010.08.01"]
[Round "1"]
[White "Pekarkova, Eva"]
[Black "Hasangatin, Ramil"]
[Result "0-1"]
[WhiteElo "1967"]
[BlackElo "2498"]
[PlyCount "138"]
[EventDate "2010.08.01"]
[EventType "swiss"]
[EventRounds "9"]
[EventCountry "CZE"]
[SourceTitle "EXT 2012"]
[Source "ChessBase"]
[SourceDate "2011.11.24"]
[SourceVersion "1"]
[SourceVersionDate "2011.11.24"]
[SourceQuality "1"]

1. e4 d5 2. exd5 Qxd5 3. Nc3 Qd6 4. d4 Nf6 5. Nf3 a6 6. Bc4 Bg4 7. 0-0 e6 8. a3 Nc6 9. Be3 Be7 10. Ne2 Bxf3 11. gxf3 Rd8 12. c3 0-0 13. Bf4 Qd7 14. Bg3 Nd5 15. Bb3 Bf6 16. Bc2 Nce7 17. Qd3 g6 18. Rad1 Qc6 19. Qe4 Bg7 20. Nc1 Nf5 21. Qe2 Nd6 22. Nd3 Qc4 23. Rfe1 a5 24. a4 Rfe8 25. Be5 Bh6 26. h4 Nf5 27. Bg3 b6 28. Kh1 Nf6 29. Ne5 Qxe2 30. Rxe2 Nh5 31. Rg1 Bf4 32. Bxf4 Nxf4 33. Re4 Nh5 34. Reg4 Nf6 35. Rf4 Kf8 36. Be4 Nh5 37. Rfg4 Ne7 38. Bc6 Nxc6 39. Nxc6 Rd5 40. Ne5 Red8 41. Nc4 Rf5 42. Kg2 Nf4+ 43. Kf1 Nd5 44. Ke2 Nf6 45. Rg5 Rf4 46. Rh1 h6 47. Re5 Rd5 48. Rxd5 exd5 49. Ne3 c6 50. Ng2 Rf5 51. f4 Nh5 52. Ke3 Ke7 53. Rb1 Kd6 54. b4 Kc7 55. bxa5 bxa5 56. f3 Rf6 57. Rb2 Ng7 58. Kd3 Ne6 59. Ke3 Ng7 60. Rb1 Nf5+ 61. Kd3 Re6 62. Rb2 Ng3 63. Ne3 Rf6 64. Ng2 g5 65. hxg5 hxg5 66. Ke3 gxf4+ 67. Nxf4 Nf1+ 68. Kf2 Rxf4 69. Kxf1 Rxf3+ 0-1

[Event "CZE-chT2D 0910"]
[Site "Czech Republic"]
[Date "2010.02.28"]
[Round "8.6"]
[White "Danek, Pavel"]
[Black "Pekarkova, Eva"]
[Result "1/2-1/2"]
[WhiteElo "1956"]
[BlackElo "1954"]
[PlyCount "34"]
[EventDate "2009.10.18"]
[EventType "team-tourn"]
[EventRounds "11"]
[EventCountry "CZE"]
[SourceTitle "EXT 2012"]
[Source "ChessBase"]
[SourceDate "2011.11.24"]
[SourceVersion "1"]
[SourceVersionDate "2011.11.24"]
[SourceQuality "1"]
[WhiteTeam "Pardubice Bohemia"]
[BlackTeam "Brno Lokomotiva II"]
[WhiteTeamCountry "CZE"]
[BlackTeamCountry "CZE"]

1. d4 Nf6 2. Nf3 g6 3. Bg5 Ne4 4. Bh4 d5 5. Nbd2 Bg7 6. e3 Bg4 7. Be2 Nxd2 8. Qxd2 Nd7 9. h3 Bxf3 10. Bxf3 Nf6 11. Qd3 c6 12. 0-0 0-0 13. Kh1 Ne8 14. g4 Nd6 15. Bg2 Qd7 16. f4 f5 17. g5 Ne4 1/2-1/2

[Event "CZE/SVK-chT (Women)"]
[Site "Frydek Mistek"]
[Date "2009.05.16"]
[Round "5"]
[White "Miturova, Magdalena"]
[Black "Pekarkova, Eva"]
[Result "0-1"]
[WhiteElo "1983"]
[BlackElo "1959"]
[PlyCount "78"]
[EventDate "2009.05.14"]
[EventType "team-tourn"]
[EventRounds "7"]
[EventCountry "CZE"]
[SourceTitle "CBM 130 Extra"]
[Source "ChessBase"]
[SourceDate "2009.07.02"]
[SourceVersion "2"]
[SourceVersionDate "2009.07.15"]
[SourceQuality "1"]
[WhiteTeam "Frydek Mistek (W)"]
[BlackTeam "Brno Lokomotiva (W)"]
[WhiteTeamCountry "CZE"]
[BlackTeamCountry "CZE"]

1. e4 c5 2. Nf3 Nc6 3. d4 cxd4 4. Nxd4 g6 5. c4 Bg7 6. Nc2 Nf6 7. Nc3 0-0 8. Be2 d6 9. 0-0 Bd7 10. Rb1 Rc8 11. Ne3 Ne8 12. Ncd5 e6 13. Nc3 Nd4 14. b3 Bc6 15. Qd3 Nc7 16. Bb2 b5 17. f3 bxc4 18. bxc4 Rb8 19. Ba3 Na6 20. Nb5 Bxb5 21. cxb5 Nc5 22. Qd2 Qg5 23. Bb2 e5 24. Bxd4 exd4 25. Nc4 Qxd2 26. Nxd2 d3 27. Bd1 Rfc8 28. a4 Bc3 29. Nc4 Nxe4 30. fxe4 Rxc4 31. Bb3 Rxe4 32. Rxf7 Kh8 33. Rf3 d2 34. Rd1 Bd4+ 35. Kh1 Re1+ 36. Rf1 Rbe8 37. g3 R8e3 38. Bc2 Rc3 39. Rfxe1 dxe1Q+ 0-1

[Event "CZE/SVK-chT (Women)"]
[Site "Frydek Mistek"]
[Date "2009.05.14"]
[Round "2"]
[White "Olsarova, Tereza"]
[Black "Pekarkova, Eva"]
[Result "1/2-1/2"]
[WhiteElo "2106"]
[BlackElo "1959"]
[PlyCount "127"]
[EventDate "2009.05.14"]
[EventType "team-tourn"]
[EventRounds "7"]
[EventCountry "CZE"]
[SourceTitle "CBM 130 Extra"]
[Source "ChessBase"]
[SourceDate "2009.07.02"]
[SourceVersion "2"]
[SourceVersionDate "2009.07.15"]
[SourceQuality "1"]
[WhiteTeam "Orlova Slavia (W)"]
[BlackTeam "Brno Lokomotiva (W)"]
[WhiteTeamCountry "CZE"]
[BlackTeamCountry "CZE"]

1. e4 c5 2. Nf3 d6 3. d4 cxd4 4. Nxd4 Nf6 5. Nc3 a6 6. Bc4 e6 7. Bb3 Qc7 8. Bg5 Be7 9. Qf3 Nc6 10. 0-0-0 h6 11. Be3 0-0 12. Qe2 Nxd4 13. Bxd4 b5 14. f3 Nd7 15. g4 b4 16. Nb1 a5 17. c3 Ba6 18. Qf2 Rfc8 19. h4 Nc5 20. Bc2 Rab8 21. g5 h5 22. f4 b3 23. axb3 Nxb3+ 24. Bxb3 Rxb3 25. g6 fxg6 26. Qg3 g5 27. hxg5 Qb7 28. Qg2 e5 29. Be3 Rc4 30. Rxh5 Qxe4 31. Qxe4 Rxe4 32. Nd2 Rxc3+ 33. bxc3 Rxe3 34. Kc2 Be2 35. Re1 exf4 36. Rhh1 Bxg5 37. Ra1 Bf6 38. Ra3 d5 39. Nf1 Rf3 40. Nd2 Bd3+ 41. Kd1 Rf2 42. Ke1 Re2+ 43. Kd1 g5 44. Rh3 Re3 45. Rxe3 fxe3 46. Nf3 g4 47. Ne1 e2+ 48. Kd2 Bc4 49. Rxa5 Bg5+ 50. Kc2 Bh4 51. Kd2 Bg5+ 52. Kc2 Kf7 53. Ra1 Bh4 54. Ng2 Bf2 55. Kd2 g3 56. Ne1 Kf6 57. Ng2 Ke5 58. Ra4 Ke4 59. Ra1 Kf3 60. Nh4+ Kg4 61. Ng2 Kf3 62. Nh4+ Kg4 63. Ng2 Kf3 64. Nh4+ 1/2-1/2

[Event "CZE-chT2D 0809"]
[Site "Czech Republic"]
[Date "2008.11.09"]
[Round "2.7"]
[White "Pekarkova, Eva"]
[Black "Torvenyi, Roman"]
[Result "1/2-1/2"]
[WhiteElo "1981"]
[BlackElo "2008"]
[PlyCount "80"]
[EventDate "2008.10.12"]
[EventType "team-tourn"]
[EventRounds "11"]
[EventCountry "CZE"]
[SourceTitle "EXT 2010"]
[Source "ChessBase"]
[SourceDate "2010.11.25"]
[SourceVersion "1"]
[SourceVersionDate "2010.11.25"]
[SourceQuality "1"]

1. e4 d5 2. exd5 Qxd5 3. Nc3 Qd6 4. Nf3 Nf6 5. Be2 Bg4 6. 0-0 e6 7. d3 a6 8. Nh4 Bxe2 9. Qxe2 Be7 10. Nf3 Nc6 11. Bg5 Rd8 12. Bxf6 Bxf6 13. Ne4 Qe7 14. Nxf6+ Qxf6 15. c3 0-0 16. Rad1 Rd5 17. d4 Rfd8 18. Rfe1 h6 19. h3 Qf4 20. g3 Qf5 21. Kg2 e5 22. dxe5 Rxd1 23. Rxd1 Rxd1 24. Qxd1 Nxe5 25. Qd5 Qxf3+ 26. Qxf3 Nxf3 27. Kxf3 Kf8 28. Ke4 Ke7 29. Ke5 g6 30. f4 f6+ 31. Kd5 Kd7 32. c4 Ke7 33. b3 Kd7 34. a3 c6+ 35. Kc5 Kc7 36. a4 b6+ 37. Kd4 Kd6 38. b4 c5+ 39. bxc5+ bxc5+ 40. Ke4 f5+ 1/2-1/2